|
|
|
|
| LEADER |
00807nab#a2200289#ar4500 |
| 001 |
000098021 |
| 003 |
SVKKK |
| 005 |
20091022110231.0 |
| 008 |
090619c2009 xo |||||||||||||||b|slo |
| FMT |
|
|
|
| 038 |
|
|
|a SVKKK
|
| 040 |
|
|
|a SVKKK
|b slo
|e AACR2
|
| 041 |
0 |
|
|a cze
|
| 044 |
|
|
|a xr
|c CZ
|
| 080 |
|
|
|a 621
|2 1997
|
| 080 |
|
|
|a 373.546
|2 1997
|
| 100 |
1 |
|
|a Petrůj, Karel
|4 aut
|
| 245 |
1 |
0 |
|a Soutěž odborných dovedností MODELÁŘ 2009
|c Karel Petrůj
|
| 300 |
|
|
|b Obr.
|
| 611 |
2 |
4 |
|a MODELÁŘ 2009
|g stredoškolská súťaž
|d (20.-22. apríl 2009 :
|c Ostrava-Hrabůvce, Česko)
|x výsledky
|
| 650 |
0 |
4 |
|a stredné odborné školy
|x podujatia
|
| 773 |
0 |
|
|t Slévárenství
|g Roč. 57, č. 7-8 (2009), s. 307-308
|x 0037-6825
|
| 974 |
|
|
|a MI
|
| 992 |
|
|
|a RBX
|
| BAS |
|
|
|
| 852 |
|
|
|a SVKKK
|b BIB
|
| 998 |
|
|
|a HUT
|